Iron Man 2 Characters - Statistics

General Stats
  • This quiz has been taken 31 times
  • The average score is 8 of 12
Answer Stats
Hint Answer % Correct
Robert Downey Jr Iron Man
100%
Scarlett Johansson Black Widow
96%
Gwyneth Paltrow Pepper Potts
96%
Samuel L Jackson Nick Fury
88%
Don Cheadle War Machine
88%
Jon Favreau Happy Hogan
83%
Paul Bettany JARVIS
71%
Mickey Rourke Whiplash
63%
Sam Rockwell Justin Hammer
58%
John Slattery Howard Stark
38%
Leslie Bibb Christine Everhart
13%
Gary Shandling Senator Stern
8%
No matching quizzes found
Score Distribution
Percent of People with Each Score
Percentile by Number Answered
Your Score History
You have not taken this quiz